| 000 | 00720nam a2200181 a 4500 | ||
|---|---|---|---|
| 001 | 000041735 | ||
| 005 | 20201002035727.0 | ||
| 008 | 131016s1995 sp 000 0 spa d | ||
| 020 | _a8400075420 | ||
| 040 |
_aDO-SdBNP _bspa _cBNPHU |
||
| 100 | 1 |
_aFernández Tejero, Emilia _965573 |
|
| 245 | 1 | 3 |
_aLa Masora Magna del Códice de Profetas de el Cairo : _bTranscripción alfabético-analítica / _cEmilia Fernández Tejero. |
| 260 |
_aMadrid : _bConsejo Superior de Investigaciones Científicas, _c1995. |
||
| 300 |
_a331 p ; _c25 cm. |
||
| 490 | 1 |
_aTexto en hebreo, prefacio en español _v58 |
|
| 710 | 2 |
_aConsejo Superior de Investigaciones Científicas, _94786 |
|
| 830 | 0 |
_aTexto en hebreo, prefacio en español _v58 _968578 |
|
| 999 |
_c41224 _d41224 |
||